| 000 | 00701nam a22001937a 4500 | ||
|---|---|---|---|
| 005 | 20090727141643.0 | ||
| 008 | 090727t xxu||||| |||| 00| 0 eng d | ||
| 080 |
_a514.124:519.674 _bLOU |
||
| 100 |
_aLoustau, John _91160 |
||
| 245 | _aLinear Geometry with computer Graphics | ||
| 300 | _ax,440p. | ||
| 490 | _a(Pure and applied Mathematics) | ||
| 653 |
_aGeometry - Data Processing _aAlgbras, Linear - data processing |
||
| 700 |
_aDillon, Meighan _91162 |
||
| 942 | _cBK | ||
| 260 |
_aNew York _bMarcel Dekker _c1993 _91161 |
||
| 020 | _a0-8247-8898-2 | ||
| 952 |
_w2009-07-27 _p00043494 _r2013-03-21 _40 _00 _bUL _10 _o514.124:519.674 LOU _d2009-07-27 _70 _2udc _yBK _s2013-03-04 _l1 _aUL |
||
| 999 |
_c1882 _d1882 |
||